[Event "DVM u16 2005"]
[Site "Berlin"]
[Date "2005.12.28"]
[Round "4.1"]
[White "Baisakow, Alexander"]
[Black "Lorenz, Nicole"]
[Result "1-0"]
[WhiteElo "1926"]
[BlackElo "1609"]
[PlyCount "49"]
[EventDate "2000.??.??"]

1. d4 d5 2. c4 c6 3. Nf3 Nf6 4. Nc3 e6 5. Bg5 Nbd7 6. Qc2 Qa5 7. Bd2 Qd8 8. a3
Bd6 9. Bg5 h6 10. Bh4 dxc4 11. e4 e5 12. Bxc4 O-O 13. O-O Qc7 14. Bg3 Re8 15.
Rad1 Nh5 16. Qb3 Rf8 17. Nh4 Nb6 18. dxe5 Bxe5 19. Bxe5 Qxe5 20. Ng6 Qc5 21.
Nxf8 Qxf8 22. e5 Nxc4 23. Qxc4 Be6 24. Qh4 g6 25. Rd6 1-0

[Event "DVM u16 2005"]
[Site "Berlin"]
[Date "2005.12.28"]
[Round "4.2"]
[White "Schäfer, Erik"]
[Black "van Akkeren, Arno"]
[Result "1-0"]
[WhiteElo "1770"]
[BlackElo "1811"]
[PlyCount "133"]
[EventDate "2000.??.??"]

1. e4 e5 2. Nf3 Nc6 3. Bb5 d6 4. d4 exd4 5. Nxd4 Bd7 6. O-O Nxd4 7. Bxd7+ Qxd7
8. Qxd4 Be7 9. Qxg7 Bf6 10. Qg3 Ne7 11. Nc3 Rg8 12. Qd3 Ng6 13. Nd5 Bh8 14. f4
Nh4 15. Rf2 c6 16. Nc3 Qg4 17. g3 O-O-O 18. Kf1 Bxc3 19. bxc3 f5 20. exf5 Qh3+
21. Ke1 Rde8+ 22. Kd2 Nxf5 23. Qf1 Qh5 24. Qd1 Qf7 25. Re2 Qd5+ 26. Ke1 Qh1+
27. Kd2 Qd5+ 28. Ke1 {(=)} Rxe2+ 29. Qxe2 Kd8 30. Kf2 Re8 31. Qf3 Qc5+ 32. Kg2
Qc4 33. Qd3 Re2+ 34. Kf3 Qxd3+ 35. cxd3 Rxh2 36. g4 Ng7 37. f5 Rh3+ 38. Ke4 d5+
39. Ke5 Rh2 40. Kf6 Ne8+ 41. Kf7 Nd6+ 42. Ke6 Ne8 43. Bg5+ Kc8 {(=)} 44. Re1
Nc7+ 45. Kf7 Rg2 {(=)} 46. Bf4 Rxg4 47. Bxc7 Kxc7 48. Re7+ Kb6 49. f6 d4 50.
cxd4 Rxd4 51. Re3 Rf4 52. Ke7 a5 53. f7 a4 54. Re4 Rxf7+ 55. Kxf7 Ka5 56. Rc4
h5 57. Ke6 Kb5 58. a3 c5 59. Kd5 b6 60. Rh4 Ka5 61. Rxh5 Kb5 62. Rh4 Ka5 63.
Kc6 Ka6 64. Rh2 Ka5 65. Rb2 Ka6 66. Rxb6+ Ka5 67. Rb5+ 1-0

[Event "DVM u16 2005"]
[Site "Berlin"]
[Date "2005.12.28"]
[Round "4.3"]
[White "Kleinschmidt, Rene"]
[Black "Marsel, Patrick"]
[Result "1-0"]
[WhiteElo "1599"]
[BlackElo "1563"]
[PlyCount "85"]
[EventDate "2000.??.??"]

1. e4 c5 2. c3 d6 3. d4 cxd4 4. cxd4 Nf6 5. Nc3 g6 6. Nf3 Bg7 7. Bc4 O-O 8. O-O
Nc6 9. Be3 Na5 10. Bd3 a6 11. d5 b5 12. b4 Nb7 13. Nd4 Ng4 14. Rc1 Nxe3 15.
fxe3 Qb6 16. Nce2 Bg4 17. Rc6 Qa7 18. Qd2 Bh6 19. h3 Bxe2 20. Bxe2 Nd8 21. Rc3
Rb8 22. Rfc1 Rb7 23. Bg4 a5 24. Ra3 a4 25. Rac3 e6 26. dxe6 Re7 27. Nxb5 Qb6
28. Nxd6 Nxe6 29. Nc8 Qxb4 30. Nxe7+ Qxe7 31. Bxe6 Qxe6 32. Qd5 Qb6 33. Kh1
Bxe3 34. Rf1 Bh6 35. Rcf3 Qc7 36. e5 Qe7 37. Qd6 Qe8 38. Re1 Bg7 39. e6 f5 40.
e7 Rf6 41. Qd8 Kf7 42. Qxe8+ Kxe8 43. Rd3 1-0

[Event "DVM u16 2005"]
[Site "Berlin"]
[Date "2005.12.28"]
[Round "4.4"]
[White "Förschner, Lucas"]
[Black "Sanning, Nico"]
[Result "1/2-1/2"]
[WhiteElo "1583"]
[BlackElo "1609"]
[PlyCount "110"]
[EventDate "2000.??.??"]

1. e4 e6 2. d4 d5 3. exd5 exd5 4. Bd3 Bd6 5. Ne2 Ne7 6. Bg5 f6 7. Bf4 c6 8. Nd2
Bg4 9. f3 Bh5 10. c3 g5 11. Bxd6 Qxd6 12. Qc2 Bg6 13. O-O-O Nd7 14. Rde1 O-O-O
15. Ng3 b5 16. a3 Nb6 17. Re2 Nc4 18. Nxc4 bxc4 19. Bxg6 hxg6 20. Qa4 Rd7 21.
Qb4 Qxb4 22. axb4 f5 23. h3 f4 24. Nf1 Nf5 25. Re6 Rd6 26. Rxd6 Nxd6 27. Nh2
Nf5 28. Ng4 Kc7 29. Re1 Kd6 30. Ne5 Rg8 31. Nf7+ Kd7 32. Nxg5 Nh4 33. Rg1 Nf5
34. Nf7 g5 35. Ne5+ Kd6 36. Kd2 Rg7 37. Ke2 Rb7 38. Ra1 Nxd4+ 39. cxd4 Rxb4 40.
Ra2 Rb7 41. Ng6 Rb3 42. Ne5 Rb7 43. Kd2 a5 44. Kc2 c5 45. Rxa5 cxd4 46. Ng6 d3+
47. Kc3 Rb3+ 48. Kd4 d2 49. Rxd5+ Ke6 50. Kxc4 Rxb2 51. Rd3 d1=Q 52. Rxd1 Rxg2
53. Re1+ Kf5 54. Re5+ Kxg6 55. Re6+ Kf7 1/2-1/2

[Event "DVM u16 2005"]
[Site "Berlin"]
[Date "2005.12.28"]
[Round "4.1"]
[White "Katte, Nicolas"]
[Black "Gebhardt, Martin"]
[Result "1-0"]
[WhiteElo "1769"]
[BlackElo "1746"]
[PlyCount "83"]
[EventDate "2000.??.??"]

1. d4 e6 2. Nf3 Nf6 3. Bg5 h6 4. Bh4 b6 5. e3 Bb7 6. Nbd2 c5 7. Bd3 Be7 8. c3
d6 9. O-O Nbd7 10. Re1 e5 11. e4 Qc7 12. Nc4 b5 13. Ne3 c4 14. Bc2 O-O 15. Nf5
Rfe8 16. Qd2 Bf8 17. d5 a5 18. h3 Nh5 19. g3 Bc8 20. a4 Ndf6 21. axb5 Bd7 22.
Nh2 Kh7 23. Bd1 g6 24. g4 gxf5 25. exf5 Be7 26. gxh5 Bxf5 27. Bc2 Qd7 28. Kh1
Rg8 29. Rg1 Rxg1+ 30. Rxg1 Rg8 31. Rxg8 Nxg8 32. Bxf5+ Qxf5 33. Bxe7 Nxe7 34.
Ng4 Qf3+ 35. Kh2 Nf5 36. b6 Qd3 37. Qxd3 cxd3 38. Nf6+ Kg7 39. Ne4 Nh4 40. b7
Nf3+ 41. Kg2 Ng5 42. Nd2 1-0

[Event "DVM u16 2005"]
[Site "Berlin"]
[Date "2005.12.28"]
[Round "4.2"]
[White "Nißler, Daniel"]
[Black "Künitz, Michael"]
[Result "1-0"]
[WhiteElo "1771"]
[BlackElo "1699"]
[PlyCount "95"]
[EventDate "2000.??.??"]

1. e4 e6 2. d3 d5 3. Nd2 Nc6 4. Ngf3 Bd6 5. g3 Nf6 6. Bg2 O-O 7. O-O dxe4 8.
dxe4 Rb8 9. Re1 Bc5 10. c3 a6 11. Qc2 b5 12. Nb3 Bb6 13. e5 Nd5 14. Ng5 g6 15.
Qe4 h6 16. Nh3 Kg7 17. Qg4 Nce7 18. Nf4 Nxf4 19. Qxf4 Nf5 20. h4 h5 21. Be4 Rh8
22. Qf3 Qe8 23. Bg5 Kg8 24. Bf6 Rh7 25. Rad1 c5 26. Nxc5 Qf8 27. Nd7 Bxd7 28.
Rxd7 Bd8 29. Red1 Bxf6 30. exf6 Rh8 31. Bxf5 exf5 32. Qd5 Re8 33. Qb7 Ra8 34.
Qc7 Rc8 35. Qb7 Ra8 36. Qb6 Rb8 37. Qxa6 Qc5 38. Qa5 Rf8 39. Qa7 Qc4 40. b3 Qe6
41. R7d6 Qe2 42. Qe7 Re8 43. Qc7 Qe5 44. Qb7 Qxc3 45. Rd8 Qe5 46. Rxe8+ Qxe8
47. Qe7 Kh7 48. Rd8 1-0

[Event "DVM u16 2005"]
[Site "Berlin"]
[Date "2005.01.01"]
[Round "4.3"]
[White "Welke, Vincent"]
[Black "Nißler, Robert"]
[Result "1-0"]
[WhiteElo "1437"]
[BlackElo "1401"]
[PlyCount "61"]
[EventDate "2000.??.??"]
[WhiteTeam "TSV Schott Mainz"]
[BlackTeam "TSG Apolda"]

1. e4 c5 2. Nf3 d6 3. d4 cxd4 4. Nxd4 Nf6 5. Nc3 a6 6. Be3 Ng4 7. Bg5 Qb6 8.
Be2 Ne5 9. O-O h6 10. Be3 Qd8 11. f4 Nec6 12. Nf3 e6 13. Qe1 Nd7 14. Rd1 Qc7
15. a3 b5 16. Qg3 Bb7 17. f5 exf5 18. exf5 Nf6 19. Nd4 Be7 20. Nxc6 Bxc6 21.
Bf3 Rd8 22. Qxg7 Rg8 23. Qxh6 Bxf3 24. Rxf3 Ng4 25. Qf4 Bg5 26. Qe4+ Ne5 27.
Rg3 Bxe3+ 28. Qxe3 Kd7 29. Rxg8 Rxg8 30. Qxe5 Qc6 31. Qd5 1-0

[Event "DVM u16 2005"]
[Site "Berlin"]
[Date "2005.12.28"]
[Round "4.1"]
[White "Gadschisade, Machmud"]
[Black "Rosner, Jonas"]
[Result "0-1"]
[WhiteElo "1856"]
[BlackElo "1853"]
[PlyCount "70"]
[EventDate "2000.??.??"]

1. c4 e6 2. e4 b6 3. Nc3 Bb7 4. d4 Bb4 5. Bd3 f5 6. Qh5+ g6 7. Qe2 Nf6 8. f3
fxe4 9. fxe4 Nxe4 10. Bxe4 Bxc3+ 11. bxc3 Qh4+ 12. Kd1 Qxe4 13. Nf3 O-O 14. Rf1
Qxe2+ 15. Kxe2 Ba6 16. Nd2 Nc6 17. Ba3 Rxf1 18. Rxf1 Na5 19. Kd3 d5 20. Re1 Re8
21. Kc2 Bxc4 22. Kb2 Ba6 23. Kc2 Nc6 24. Nf3 Bc4 25. Kb2 Bd3 26. Ng5 e5 27.
dxe5 Rxe5 28. Rxe5 Nxe5 29. Ne6 c5 30. Nf4 Be4 31. Kb3 Kf7 32. Ka4 a6 33. Kb3
g5 34. Nh3 h6 35. g3 Ng4 0-1

[Event "DVM u16 2005"]
[Site "Berlin"]
[Date "2005.12.28"]
[Round "4.3"]
[White "Wittig, Till"]
[Black "Volz, Daniel"]
[Result "0-1"]
[WhiteElo "1407"]
[BlackElo "1428"]
[PlyCount "78"]
[EventDate "2000.??.??"]

1. e4 e5 2. Nf3 Nc6 3. Bc4 Be7 4. d3 Nf6 5. Nc3 O-O 6. Be3 d6 7. h3 Be6 8. Bb3
h6 9. d4 Bxb3 10. axb3 Nh7 11. O-O Ng5 12. d5 Nb8 13. Nxg5 Bxg5 14. Bxg5 Qxg5
15. Nb5 Na6 16. Qe2 f5 17. f3 Qe7 18. Qc4 Qd7 19. b4 Kh8 20. Nc3 Rfc8 21. b5
Nb8 22. Na4 a6 23. bxa6 b5 24. Qb4 bxa4 25. Rxa4 Rxa6 26. Rfa1 Rxa4 27. Rxa4
fxe4 28. fxe4 Qe8 29. Qb7 Nd7 30. Rc4 Qd8 31. b4 Nf6 32. b5 Ne8 33. b6 Kg8 34.
Kf2 Kf8 35. Ke2 Qd7 36. Qa7 Qb5 37. b7 Qxc4+ 38. Kf3 Qf1+ 39. Kg3 Qf4# 0-1

[Event "DVM u16 2005"]
[Site "Berlin"]
[Date "2005.12.28"]
[Round "4.4"]
[White "Krepper, Christian"]
[Black "Akhundow, Sattar"]
[Result "1/2-1/2"]
[WhiteElo "1234"]
[BlackElo "1455"]
[PlyCount "125"]
[EventDate "2000.??.??"]

1. e4 e5 2. Nf3 Nc6 3. Bc4 Bc5 4. O-O d6 5. h3 Nf6 6. d3 h6 7. Be3 Bb6 8. Nc3
Be6 9. Bb3 Qd7 10. Bxb6 axb6 11. Re1 g5 12. Ne2 g4 13. Bxe6 Qxe6 14. hxg4 Qxg4
15. Ng3 h5 16. Nh2 Qg6 17. Nf5 O-O-O 18. Nf3 Rdg8 19. N3h4 Qg5 20. c3 Kd7 21.
d4 Ne7 22. Nxe7 Kxe7 23. Nf5+ Kd8 24. Qf3 Ng4 25. a4 h4 26. Qh3 Qd2 27. f3 Qf2+
28. Kh1 Qxe1+ 29. Rxe1 Nf2+ 30. Kh2 Nxh3 31. Kxh3 Rh5 32. Nxh4 Rgh8 33. g3 f5
34. exf5 Rxf5 35. Kg2 Rg5 36. Kf2 Rhg8 37. g4 Rh8 38. Kg3 Rg7 39. dxe5 Re8 40.
f4 dxe5 41. fxe5 Rg5 42. Nf3 Rg6 43. g5 Ke7 44. Kg4 Ke6 45. Nd4+ Kd5 46. Kf5
Rgg8 47. g6 Rgf8+ 48. Kg5 Rxe5+ 49. Rxe5+ Kxe5 50. g7 Rd8 51. Kg6 Rd6+ 52. Kh7
Rd7 53. Kh8 Rxg7 54. Kxg7 Kd5 55. Kf7 Kc4 56. Ke7 c5 57. Nb5 Kb3 58. Kd7 Kxa4
59. c4 Kb4 60. b3 Kxb3 61. Kc7 Kxc4 62. Kxb6 Kb4 63. Nd6 1/2-1/2

[Event "DVM u16 2005"]
[Site "Berlin"]
[Date "2005.12.28"]
[Round "4.1"]
[White "Berwanger, Tobias"]
[Black "Eibl, Maximilian"]
[Result "1/2-1/2"]
[WhiteElo "1594"]
[BlackElo "1849"]
[PlyCount "43"]
[EventDate "2000.??.??"]

1. c4 Nf6 2. Nc3 e5 3. g3 c6 4. Bg2 d5 5. cxd5 cxd5 6. d3 Nc6 7. Nf3 d4 8. Ne4
Nxe4 9. dxe4 Bc5 10. O-O O-O 11. Bd2 Bg4 12. Rc1 Qb6 13. a3 a5 14. Qc2 Bd6 15.
Qb1 a4 16. Rc2 d3 17. exd3 Bxf3 18. Be3 Nd4 19. Bxd4 Qxd4 20. Rc4 Qb6 21. Bxf3
Bc5 22. Qc2 1/2-1/2

[Event "DVM u16 2005"]
[Site "Berlin"]
[Date "2005.12.28"]
[Round "4.2"]
[White "Fuhrmann, Max"]
[Black "Straßer, Manuel"]
[Result "1-0"]
[WhiteElo "1867"]
[BlackElo "1485"]
[PlyCount "89"]
[EventDate "2000.??.??"]

1. e4 c5 2. Nf3 Nc6 3. d4 cxd4 4. Nxd4 Nf6 5. Nc3 e6 6. Ndb5 a6 7. Nd6+ Bxd6 8.
Qxd6 Qa5 9. Bd2 Qe5 10. Qxe5 Nxe5 11. f4 Nc6 12. e5 Ng8 13. Ne4 Nd4 14. O-O-O
Ne7 15. Bb4 Ndc6 16. Nd6+ Kf8 17. Bc5 Rb8 18. g3 b6 19. Nxc8 bxc5 20. Nxe7 Kxe7
21. Bxa6 Rb6 22. Bc4 Ra8 23. Rd6 Rb7 24. Rhd1 Nb4 25. a3 Nc6 26. Bf1 Rab8 27.
Bg2 Rc7 28. Bxc6 dxc6 29. c3 Rbb7 30. Kc2 Rd7 31. Rxd7+ Rxd7 32. Rxd7+ Kxd7 33.
Kd3 Kc7 34. Kc4 Kb6 35. a4 f5 36. b3 h6 37. a5+ Kxa5 38. Kxc5 g5 39. Kxc6 gxf4
40. gxf4 h5 41. h4 Ka6 42. b4 Ka7 43. b5 Ka8 44. b6 Kb8 45. b7 1-0

[Event "DVM u16 2005"]
[Site "Berlin"]
[Date "2005.12.28"]
[Round "4.3"]
[White "Krmpotic, Manuel"]
[Black "Grafl, Pascal"]
[Result "0-1"]
[WhiteElo "1476"]
[BlackElo "1650"]
[PlyCount "120"]
[EventDate "2000.??.??"]

1. d4 Nf6 2. c4 e6 3. Nc3 c5 4. Bg5 cxd4 5. Qxd4 Be7 6. Nf3 Nc6 7. Qd1 O-O 8.
a3 h6 9. Bh4 d5 10. e3 b6 11. Be2 Bb7 12. O-O dxc4 13. Bxc4 Rc8 14. Qxd8 Rfxd8
15. Rfd1 Kf8 16. h3 Na5 17. Be2 Nb3 18. Rxd8+ Rxd8 19. Rd1 Nd5 20. Bxe7+ Kxe7
21. Nb5 a6 22. Nbd4 Nxd4 23. Nxd4 g6 24. Kf1 f5 25. Rc1 Rd6 26. g3 Kd7 27. Ke1
g5 28. Bd3 f4 29. Ke2 e5 30. Nb3 Rc6 31. Rxc6 Kxc6 32. exf4 exf4 33. Nd4+ Kd7
34. Nf5 fxg3 35. fxg3 h5 36. h4 gxh4 37. gxh4 Nf4+ 38. Ke3 Nxd3 39. Kxd3 Bf3
40. Ke3 Bg4 41. Nh6 Bd1 42. Kf4 Ke6 43. Kg5 Kd5 44. Nf5 Ke4 45. Ng3+ Kd3 46.
Nf5 Kd2 47. Nd6 Kc1 48. b3 Kb2 49. Nc4+ Kxb3 50. Nxb6 Kxa3 51. Kf4 Kb3 52. Nd7
a5 53. Ke3 Kc3 54. Nb6 a4 55. Nd5+ Kb2 56. Kd2 Bb3 57. Nb4 a3 58. Nd3+ Kb1 59.
Nc1 Be6 60. Ne2 a2 0-1

[Event "DVM u16 2005"]
[Site "Berlin"]
[Date "2005.12.28"]
[Round "4.4"]
[White "Bräutigam, Markus"]
[Black "Gerstner, David"]
[Result "1-0"]
[WhiteElo "1683"]
[BlackElo "1129"]
[PlyCount "65"]
[EventDate "2000.??.??"]

1. c4 e6 2. Nc3 Nf6 3. g3 d5 4. cxd5 exd5 5. Bg2 Be6 6. Nf3 c6 7. e3 Bd6 8. O-O
O-O 9. b3 Nbd7 10. Bb2 Re8 11. Qc2 h6 12. Ne2 Bg4 13. Nf4 Bxf4 14. gxf4 Qc7 15.
Kh1 Kh8 16. Ne5 Nxe5 17. Bxe5 Qe7 18. f3 Bh5 19. Qc3 Bg6 20. Bh3 Rad8 21. Rf2
Rg8 22. Rg1 a6 23. Rfg2 Rdf8 24. f5 Bh7 25. Rxg7 Rxg7 26. Bxf6 Qxf6 27. Qxf6
Rfg8 28. Rxg7 Rxg7 29. Qh4 Bg8 30. Qxh6+ Rh7 31. Qf6+ Rg7 32. Bg4 Kh7 33. Qh4#
1-0

[Event "DVM u16 2005"]
[Site "Berlin"]
[Date "2005.12.29"]
[Round "5.1"]
[White "Shmirina, Evgenija"]
[Black "Bracker, Frank"]
[Result "0-1"]
[WhiteElo "2078"]
[BlackElo "1964"]
[PlyCount "138"]
[EventDate "1905.??.??"]

1. e4 c5 2. Nf3 d6 3. d4 cxd4 4. Nxd4 Nf6 5. Nc3 a6 6. Be3 e5 7. Nb3 Be6 8. Qd2
Nbd7 9. f3 Be7 10. g4 h6 11. O-O-O b5 12. Qf2 Rb8 13. Kb1 Nb6 14. Nc5 b4 15.
Nxe6 fxe6 16. Ne2 Nc4 17. Nc1 Qc7 18. Bxc4 Qxc4 19. h4 Nd7 20. g5 hxg5 21. hxg5
Rxh1 22. Rxh1 Nf8 23. Qg2 Rc8 24. g6 a5 25. Rg1 Bf6 26. Qe2 d5 27. Qxc4 Rxc4
28. Nd3 Nd7 29. Nf2 Ke7 30. Rd1 Kd6 31. Ng4 Rc8 32. Kc1 Rh8 33. Kd2 Bd8 34. Ke2
Nf8 35. f4 Nxg6 36. fxe5+ Nxe5 37. Bf4 Bf6 38. Rg1 Rh5 39. exd5 Kxd5 40. Nxe5
Bxe5 41. Bxe5 Rxe5+ 42. Kd3 g5 43. c3 bxc3 44. bxc3 Rf5 45. Rg3 Ke5 46. Ke3 Kf6
47. Kd4 Rf4+ 48. Kc5 e5 49. c4 e4 50. Kd6 e3 51. Rxe3 Rxc4 52. Re6+ Kf5 53.
Re5+ Kf4 54. Rxa5 g4 55. Ra8 g3 56. Kd5 Rc7 57. Rf8+ Ke3 58. Rg8 Kf2 59. a4 Ra7
60. Rf8+ Ke3 61. Rg8 Kf3 62. Rf8+ Ke2 63. Rg8 Kf2 64. Rf8+ Kg2 65. Rf4 Kh3 66.
Kc5 g2 67. Rf3+ Kh2 68. Rf2 Rxa4 69. Kd5 Kh1 0-1

[Event "DVM u16 2005"]
[Site "Berlin"]
[Date "2005.12.29"]
[Round "5.2"]
[White "Colpe, Malte"]
[Black "Graf, Felix"]
[Result "0-1"]
[WhiteElo "1937"]
[BlackElo "2069"]
[PlyCount "65"]
[EventDate "1905.??.??"]

1. d4 Nf6 2. c4 e6 3. Nf3 b6 4. g3 Ba6 5. b3 Bb4+ 6. Bd2 Be7 7. Bg2 c6 8. O-O
d5 9. Ne5 Nfd7 10. Nxd7 Nxd7 11. Bc3 Rc8 12. Nd2 O-O 13. e4 b5 14. exd5 cxd5
15. c5 b4 16. Bxb4 Bxf1 17. Nxf1 e5 18. Rc1 e4 19. Ne3 Nb8 20. Bh3 Rc6 21. Qh5
Ra6 22. Qg4 Nc6 23. Bc3 Bg5 24. Qd7 Bxe3 25. fxe3 Qg5 26. Bd2 Nxd4 27. c6 Ne2+
28. Kg2 Nxc1 29. Bg4 Rxc6 30. Qxc6 Qxg4 31. Bxc1 Rc8 32. Qxd5 Qf3+ 33. Kh3 0-1

[Event "DVM u16 2005"]
[Site "Berlin"]
[Date "2005.12.29"]
[Round "5.4"]
[White "Meise, Leonard"]
[Black "Rudolf, Sebastian"]
[Result "0-1"]
[WhiteElo "1862"]
[BlackElo "1901"]
[PlyCount "110"]
[EventDate "1905.??.??"]

1. e4 c5 2. Nf3 Nc6 3. d4 cxd4 4. Nxd4 Qc7 5. Nb5 Qb8 6. f4 a6 7. N5c3 e6 8.
Be3 b5 9. Bd3 h5 10. Nd2 Nf6 11. h3 h4 12. Qf3 Bb7 13. Qf2 Be7 14. e5 Nh5 15.
Nce4 Ng3 16. Rg1 Nf5 17. O-O-O Nb4 18. Nc3 Nxd3+ 19. cxd3 d5 20. Nb3 Qc7 21.
Bb6 Qd7 22. Nc5 Qc6 23. Nxb7 Qxb7 24. Kb1 Rc8 25. Ne2 Kd7 26. Rc1 g6 27. Rxc8
Rxc8 28. Rc1 Rxc1+ 29. Nxc1 Kc6 30. Be3 b4 {(=)} 31. Nb3 Qb5 32. Qc2+ Kd7 33.
Bf2 Qc6 34. Nc5+ Bxc5 35. Qxc5 Qxc5 36. Bxc5 a5 37. Kc2 d4 38. Kb3 Kc6 39. Kc4
Ne3+ 40. Kxd4 Nxg2 41. Be7 Nxf4 42. Bxh4 Nxh3 43. Ke4 g5 44. Be1 g4 45. Bg3 Ng1
46. Bf2 Ne2 47. Be3 Kb5 48. Bd2 Kc5 49. Be3+ Kc6 50. Bd2 g3 51. Kf3 g2 52. Kxg2
Kd5 53. Kf3 Nd4+ 54. Kf4 Nc2 55. a3 bxa3 0-1

[Event "DVM u16 2005"]
[Site "Berlin"]
[Date "2005.12.29"]
[Round "5.1"]
[White "Lange, Jan-David"]
[Black "Huschenbeth, Niclas"]
[Result "0-1"]
[WhiteElo "1913"]
[BlackElo "2272"]
[PlyCount "92"]
[EventDate "1905.??.??"]

1. e4 e5 2. Nf3 Nc6 3. d4 exd4 4. Nxd4 Bc5 5. Be3 Qf6 6. Nb5 Bxe3 7. fxe3 Qh4+
8. g3 Qd8 9. Qg4 g5 10. N1c3 d6 11. Qh5 a6 12. Nd4 Ne5 13. h3 Nf6 14. Qe2 g4
15. O-O-O c5 16. Nf5 Bxf5 17. exf5 Qe7 18. hxg4 Nexg4 19. Bh3 Ne5 20. Qd2 Rd8
21. Bg2 b5 22. Nd5 Nxd5 23. Bxd5 Qg5 24. e4 Qxd2+ 25. Rxd2 Ke7 26. Rdh2 Rdg8
27. Rxh7 Rxh7 28. Rxh7 Rxg3 29. Rh8 b4 30. Ra8 c4 31. Ra7+ Kf8 32. Rxa6 c3 33.
bxc3 bxc3 34. Kd1 Re3 35. f6 Kg8 36. Bxf7+ Kxf7 37. Ra7+ Kxf6 38. Rh7 Nc4 39.
Rh1 Rxe4 40. Rf1+ Ke5 41. Rh1 Kd4 42. Kc1 Kc5 43. Rg1 Kb4 44. Rd1 Ka3 45. Kb1
Nd2+ 46. Ka1 Rb4 0-1

[Event "DVM u16 2005"]
[Site "Berlin"]
[Date "2005.12.29"]
[Round "5.2"]
[White "Moshtael, Wesal"]
[Black "Schäfer, Alexander"]
[Result "1/2-1/2"]
[WhiteElo "1966"]
[BlackElo "1784"]
[PlyCount "103"]
[EventDate "1905.??.??"]

1. Nf3 Nf6 2. g3 g6 3. Bg2 Bg7 4. O-O c5 5. c4 O-O 6. Nc3 d6 7. d3 Bd7 8. Bd2
a6 9. Rb1 Nc6 10. a3 Rb8 11. b4 cxb4 12. axb4 b5 13. cxb5 axb5 14. h3 Qc8 15.
Kh2 Re8 16. Ne1 Nd4 17. e3 Ne6 18. Rc1 Qa6 19. f4 Rbc8 20. g4 Bc6 21. f5 Bxg2
22. Nxg2 Nf8 23. e4 N8d7 24. g5 Nh5 25. Nd5 Be5+ 26. Bf4 Nxf4 27. Ngxf4 Qa2+
28. Kh1 Bxf4 29. Rxf4 Rxc1 30. Qxc1 Ne5 31. Nxe7+ Kf8 32. Nd5 Nxd3 33. Qc3 Qb1+
34. Kh2 Qb2+ 35. Qxb2 Nxb2 36. Nf6 Rc8 37. Nxh7+ Kg7 38. Nf6 Nd3 39. Rh4 gxf5
40. exf5 Rh8 41. Nh5+ Kf8 42. g6 fxg6 43. fxg6 Rh6 44. g7+ Kg8 45. Kg3 Nxb4 46.
Kg4 Nd5 47. Kg5 Re6 48. Rd4 Re5+ 49. Kh6 Re6+ 50. Kg5 Re5+ 51. Kh6 Re6+ 52. Kg5
1/2-1/2

[Event "DVM u16 2005"]
[Site "Berlin"]
[Date "2005.12.29"]
[Round "5.3"]
[White "Döring, Andreas"]
[Black "Schmidt, Armin"]
[Result "1-0"]
[WhiteElo "1693"]
[BlackElo "1910"]
[PlyCount "53"]
[EventDate "1905.??.??"]

1. e4 c5 2. Nf3 Nc6 3. d4 cxd4 4. Nxd4 Nf6 5. Nc3 e5 6. Ndb5 d6 7. Bg5 a6 8.
Na3 b5 9. Nd5 Be7 10. Bxf6 Bxf6 11. c3 Bg5 12. Nc2 O-O 13. a4 bxa4 14. Rxa4 a5
15. Bc4 Rb8 16. Ra2 Be6 17. Nce3 Kh8 18. h4 Bxe3 19. Nxe3 Qd7 20. b3 f5 21. Rd2
fxe4 22. Rxd6 Qf7 23. O-O Bxc4 24. Nxc4 Rfc8 25. Qg4 Qf4 26. Qd7 Nd8 27. Qe8+
1-0

[Event "DVM u16 2005"]
[Site "Berlin"]
[Date "2005.12.29"]
[Round "5.4"]
[White "Wenzel, Birger"]
[Black "Jannes, Alexander"]
[Result "1-0"]
[WhiteElo "1672"]
[BlackElo "1660"]
[PlyCount "185"]
[EventDate "1905.??.??"]

1. Nf3 d5 2. g3 c6 3. Bg2 Nf6 4. O-O Bf5 5. d4 e6 6. c4 Bd6 7. Nc3 O-O 8. Nd2
Nbd7 9. e4 dxe4 10. Ndxe4 Nxe4 11. Nxe4 Be7 12. h4 Bxe4 13. Bxe4 Bf6 14. Be3
Nb6 15. Qc2 h6 16. Rfd1 Qe7 17. a4 Rfd8 {(=)} 18. a5 Nd7 19. a6 Nb6 20. axb7
Qxb7 21. b4 a6 22. b5 axb5 23. cxb5 Nd5 24. bxc6 Qc7 25. Rxa8 Rxa8 26. Bxd5
exd5 27. Bf4 Qc8 28. Qc5 Bxh4 29. c7 Bd8 30. Rb1 Bxc7 31. Qxc7 Qf5 32. Rb8+
Rxb8 33. Qxb8+ Kh7 34. Qe5 Qd7 35. Kg2 Kg8 36. Kf3 Kh7 37. Qh5 Qe6 38. g4 Qe4+
39. Kg3 Qxd4 40. Qf5+ Kg8 41. Be3 Qc4 {(=)} 42. Qd7 Qe4 43. Qc8+ Kh7 44. Qf5+
Qxf5 45. gxf5 g6 46. fxg6+ Kxg6 47. Kg4 h5+ 48. Kf4 Kf6 49. Bd4+ Kg6 50. Be5 h4
51. Kg4 h3 52. Kxh3 Kf5 53. f4 d4 54. Kg3 Ke4 55. Kf2 f6 56. Bc7 d3 57. Bb8 Kd4
58. Ba7+ Ke4 59. Be3 f5 60. Bd2 Kd4 {Der naechste Zug vom Formular ist der 63.
Zug. Die Zuege vom 60. bis zum 62. Zug basieren auf einer Vermutung.} 61. Kf3
Kd5 62. Ke3 Kc4 {Ab jetzt ist alles wieder vom Formular.} 63. Be1 Kc5 64. Kxd3
Kd5 65. Bc3 Kc5 66. Be5 Kd5 67. Bd4 Ke6 68. Kc4 Kd6 69. Be5+ Kc6 70. Kd4 Kd7
71. Kd5 Ke7 72. Kc6 Ke6 73. Kc5 Kd7 74. Kd5 Ke7 75. Bh8 Kf7 76. Ke5 Kg6 77. Bf6
Kh5 78. Kxf5 Kh6 79. Bg5+ Kh5 80. Kf6 Kg4 81. Kg6 Kf3 82. f5 Ke4 83. f6 Ke5 84.
f7 Ke6 85. f8=Q Ke5 86. Qf5+ Kd4 87. Qe6 Kd3 {
Fuer Weiss steht kein Zug auf dem Formular.} 88. Qb6 Kc4 89. Bf6 Kd5 90. Qd4+
Ke6 91. Qe5+ Kd7 92. Kf7 Kc8 93. Qe7 1-0

[Event "DVM u16 2005"]
[Site "Berlin"]
[Date "2005.12.29"]
[Round "5.1"]
[White "Günnigmann, Manuel"]
[Black "Schneider, David"]
[Result "0-1"]
[WhiteElo "1824"]
[BlackElo "2192"]
[PlyCount "118"]
[EventDate "1905.??.??"]

1. e4 c5 2. Nc3 e6 3. g3 Nc6 4. Bg2 g6 5. d3 Bg7 6. Nh3 Nge7 7. O-O d6 8. Be3
Rb8 9. a4 Nd4 10. Qd2 Nec6 11. Nd1 Bd7 12. Kh1 Qa5 13. Qxa5 Nxa5 14. Bxd4 cxd4
15. f4 Rc8 16. Rf2 Rc7 17. b3 Ke7 18. Nb2 Nc6 19. Re1 a6 20. f5 Ne5 21. fxe6
fxe6 22. Ref1 Be8 23. Ng5 h6 24. Nf3 Ng4 25. Rd2 b5 26. axb5 axb5 27. Nd1 e5
28. Bh3 h5 29. Bg2 Bh6 30. Re2 Bf7 31. Nh4 Rhc8 32. h3 Ne3 33. Nxe3 Bxe3 34.
Ra1 Rxc2 35. Rxc2 Rxc2 36. Ra7+ Kf8 37. Rb7 Bf2 38. Rxb5 Bxg3 39. Nf3 Rc1+ 40.
Bf1 Rxf1+ 41. Kg2 Rb1 42. Kxg3 Rxb3 43. Rxb3 Bxb3 44. Kh4 Bc2 45. Ne1 Bd1 46.
Kg5 Kg7 47. Ng2 Be2 48. Ne1 Kf7 49. Kh4 Kf6 50. Kg3 g5 51. Kf2 Bd1 52. Kg3 Ke6
53. Kf2 Kd7 54. Ng2 Kc6 55. Ne1 Kc5 56. Ng2 Kb4 57. Ne1 Kc3 58. Kf1 Kd2 59. Kf2
Be2 0-1

[Event "DVM u16 2005"]
[Site "Berlin"]
[Date "2005.12.29"]
[Round "5.2"]
[White "Seyb, Alexander"]
[Black "Seemann, Semjon"]
[Result "1-0"]
[WhiteElo "2068"]
[BlackElo "1844"]
[PlyCount "41"]
[EventDate "1905.??.??"]

1. e4 c5 2. Nf3 Nc6 3. d4 cxd4 4. Nxd4 Nf6 5. Nc3 e5 6. Ndb5 d6 7. Bg5 a6 8.
Na3 b5 9. Bxf6 gxf6 10. Nd5 Bg7 11. Bd3 Ne7 12. Nxe7 Qxe7 13. c4 f5 14. O-O Bb7
15. Qf3 Qg5 16. cxb5 d5 17. bxa6 Bc8 18. exf5 e4 19. Bxe4 Bxb2 20. Bxd5 Rxa6
21. Qe2+ 1-0

[Event "DVM u16 2005"]
[Site "Berlin"]
[Date "2005.12.29"]
[Round "5.3"]
[White "Catrais, Michael"]
[Black "Kirch, Daniel"]
[Result "0-1"]
[WhiteElo "1635"]
[BlackElo "1864"]
[PlyCount "54"]
[EventDate "1905.??.??"]

1. e4 Nf6 2. d3 d6 3. Nf3 g6 4. Nbd2 e5 5. Be2 Bg7 6. c3 O-O 7. O-O Nc6 8. Qc2
Nh5 9. Re1 Nf4 10. Bf1 f5 11. b4 a6 12. Nc4 Ne6 13. Ne3 f4 14. Nd5 Nb8 15. c4
Nc6 16. Rb1 Ncd4 17. Nxd4 Nxd4 18. Qd1 c6 19. Nc3 f3 20. Be3 Bg4 21. h3 Bh5 22.
g4 Bxg4 23. hxg4 Qh4 24. g5 h6 25. Qd2 hxg5 26. Bxg5 Qg4+ 27. Kh2 Kf7 0-1

[Event "DVM u16 2005"]
[Site "Berlin"]
[Date "2005.12.29"]
[Round "5.4"]
[White "Hofmann, Benjamin"]
[Black "Günnigmann, Laura"]
[Result "1-0"]
[WhiteElo "1877"]
[BlackElo "1490"]
[PlyCount "46"]
[EventDate "1905.??.??"]

1. e4 d5 2. exd5 Qxd5 3. Nc3 Qa5 4. d4 Nf6 5. Bc4 Bf5 6. Nf3 c6 7. Bd2 e6 8.
Qe2 Bb4 9. O-O O-O 10. a3 Bxc3 11. Bxc3 Qc7 12. Bb3 Nbd7 13. Rfd1 c5 14. dxc5
Ne4 15. Bd4 Ndxc5 16. Bc4 Rac8 17. a4 a6 18. Nh4 Qf4 19. Nxf5 Qxf5 20. b4 Nd7
21. Bd3 Ndf6 22. Bxf6 Qxf6 23. Qxe4 g6 1-0

[Event "DVM u16 2005"]
[Site "Berlin"]
[Date "2005.12.29"]
[Round "5.1"]
[White "Knickel, Aaron"]
[Black "Zeldin, Leonid"]
[Result "1-0"]
[WhiteElo "1918"]
[BlackElo "1849"]
[PlyCount "61"]
[EventDate "1905.??.??"]

1. e4 c5 2. Nf3 d6 3. d4 cxd4 4. Nxd4 Nf6 5. Nc3 a6 6. a4 e6 7. Be2 Be7 8. O-O
O-O 9. Be3 Nc6 10. Nb3 Bd7 11. f4 Rc8 12. a5 Ne8 13. Na4 Nf6 14. Nb6 Rc7 15.
Bf3 Be8 16. Qd2 Nd7 17. Rad1 Qb8 {(=)} 18. Qf2 Nxb6 19. Bxb6 Rd7 20. Bg4 f5 21.
Bf3 fxe4 22. Bxe4 d5 23. Bd3 e5 24. Nc5 Bxc5 25. Bxc5 Rxf4 26. Qh4 g6 27. Rxf4
exf4 28. Qf6 Rf7 29. Qe6 Qe5 30. Qxe5 Nxe5 31. Re1 1-0